Southville International School and Colleges
Your cart is empty.
  • Cart
  • Lists
    Public lists Eva Luna New books Lux_list list_1
    Your lists Log in to create your own lists
  • Log in to your account
  • Your cookies
  • Search history
Southville International School and Colleges
  • Advanced search
  • Recent comments
  • Most popular
  • Libraries

Log in to your account

Log in with GOOGLE


If you do not have an external account, but do have a local account, you can still log in:

  1. Home
  2. MARC view: Quantitative methods for managemet : a practical approach
Normal view MARC view ISBD view

Quantitative methods for managemet : a practical approach (Record no. 365922)

[ view plain ]
MARC details
000 -LEADER
fixed length control field 00641nam a22001937a 4500
003 - CONTROL NUMBER IDENTIFIER
control field 0
005 - DATE AND TIME OF LATEST TRANSACTION
control field 20240214075232.0
008 - FIXED-LENGTH DATA ELEMENTS--GENERAL INFORMATION
fixed length control field 240214b xxu||||| |||| 00| 0 eng d
020 ## - INTERNATIONAL STANDARD BOOK NUMBER
International Standard Book Number 978-3-030-17553-5
050 ## - LIBRARY OF CONGRESS CALL NUMBER
Classification number HD 20.5
Item number .C36 2019
100 ## - MAIN ENTRY--PERSONAL NAME
Personal name Canela, Miguel Angel
245 ## - TITLE STATEMENT
Title Quantitative methods for managemet : a practical approach
Statement of responsibility, etc Miguel Angel Canela
260 ## - PUBLICATION, DISTRIBUTION, ETC. (IMPRINT)
Place of publication, distribution, etc Switzerland
Name of publisher, distributor, etc Springer
Date of publication, distribution, etc c2019.
300 ## - PHYSICAL DESCRIPTION
Extent xiii,144 pages ;
Dimensions 25 cm.
504 ## - BIBLIOGRAPHY, ETC. NOTE
Bibliography, etc Includes bibliographical references, index, and glossary.
650 ## - SUBJECT ADDED ENTRY--TOPICAL TERM
Topical term or geographic name as entry element Operations research.
650 ## - SUBJECT ADDED ENTRY--TOPICAL TERM
Topical term or geographic name as entry element Industrial management--mathematical models.
942 ## - ADDED ENTRY ELEMENTS (KOHA)
Source of classification or shelving scheme Library of Congress Classification
Koha item type Books
Holdings
Withdrawn status Lost status Source of classification or shelving scheme Damaged status Home library Current library Shelving location Date acquired Source of acquisition Sub Shelving location Total Checkouts Full call number Barcode Date last seen Price effective from Koha item type
    Library of Congress Classification   College Library College Library Reserve Section 02/14/2024 Library Fund     HD 20.5 .C36 2019 C23279 02/14/2024 02/14/2024 Books

Quantitative methods for managemet : a practical approach

APA

Canela M. A., . (2019). Quantitative methods for managemet : a practical approach. Switzerland: Springer.

Chicago

Canela Miguel Angel, . 2019. Quantitative methods for managemet : a practical approach. Switzerland: Springer.

Harvard

Canela M. A., . (2019). Quantitative methods for managemet : a practical approach. Switzerland: Springer.

MLA

Canela Miguel Angel, . Quantitative methods for managemet : a practical approach. Switzerland: Springer. 2019.

  • Place hold
  • Print
  • Cite
  • Add to your cart (remove)
  • Save record
    BIBTEX Dublin Core MARCXML MARC (non-Unicode/MARC-8) MARC (Unicode/UTF-8) MARC (Unicode/UTF-8, Standard) MODS (XML) RIS
  • More searches
    Search for this title in:
    Other Libraries (WorldCat) Other Databases (Google Scholar) Online Stores (Bookfinder.com) Open Library (openlibrary.org)

Exporting to Dublin Core...

SOUTHVILLE LIBRARY

Southville International School and Colleges Library

1281 Tropical Ave. Cor. Luxembourg St., BF Homes International, Las Pinas City

Tel. No. 8256374 / 252358 Loc. 117/146

Powered by Koha